000 00793nam2a22002291 4500
001 RU\NLR\A1SV\88519
005 20251203152403.2
035 _a(NLR Aleph) 009769892
090 _a13484410
_c13484410
100 _a20080625d1926 u y0rusy50 ca
101 0 _arus
200 0 _a[Вып.1]
210 _d1926
215 _a148 с.
225 _a...
_vза 1924-1925 гг.
461 1 _1001RU\NLR\A1SV\88518
_12000#$aМедицина и диалектический материализм$f1-й Моск. гос. ун-т$v[Вып.1]
_910051549
_cМ.
_d1926
_f1-й Моск. гос. ун-т
_tМедицина и диалектический материализм
_v[Вып.1]
801 0 _aRU
_bNLR
_c20080625
852 _aNLR
_j23/278-1
942 _cBOOK
980 _aA1SV
980 _aNB